00373nam a2200133Ia 450000500170000000800410001702000150005808200170007310000160009024500460010626000400015230000130019250000340020520250528020943.0240331s9999 xx 000 0 und d a9552008565 a302.234bDES aDe Silva, S 0aHanda naluwa hewath guwanvidhuli natayaya aColombobS. Godage & Brothersc1993 a123 p ., aThe way to write a radio play